Educación matemática: 3º básico, texto para el estudiante

Saved in:
Bibliografiske detaljer
Main Authors: Seguel Riquelme, Mirtha Angélica (Author), Figueroa Prieto, Catalina (Author)
Format: Bog
Sprog:spansk
Udgivet: Santiago Santillana 2005
Fag:
Tags: Tilføj Tag
Ingen Tags, Vær først til at tagge denne postø!

MARC

LEADER 00000nam a2200000 a 4500
001 UCJ0221
003 CL-VaPUC
008 060707e20050000CL |||||||||||||||||spa|d
020 |a 9561509644 
082 0 4 |a 372.7  |b SEG  |2 21 
100 0 |a Seguel Riquelme, Mirtha Angélica  |e author  |9 500316 
700 0 |a Figueroa Prieto, Catalina  |e author  |9 500317 
245 1 0 |a Educación matemática: 3º básico, texto para el estudiante 
300 |a 159 p 
942 |c BK 
945 |d 20060707 00:00:00  |a jtorresc 
260 |a Santiago  |b Santillana  |c 2005 
650 0 |a Matemática  |9 260235 
650 0 |a Educación básica   |9 224933 
650 0 |a Matemáticas  |x Enseñanza  |9 875527 
650 0 |a Métodos de enseñanza  |9 270413 
583 |a last modification  |c 20170816 01:02:24  |k Rodrigo Vera 
999 |c 317147  |d 317145 
952 |0 0  |1 0  |4 0  |6 372_700000000000000_SEG_2005  |7 0  |8 P  |9 393019  |a BIBEDU  |b BIBEDU  |d 2019-11-22  |i 4251288  |o 372.7 SEG 2005  |p 4251288  |r 2019-11-22  |w 2019-11-22  |y BK  |k EBA 
952 |0 0  |1 0  |4 0  |6 372_700000000000000_SEG_2005  |7 0  |8 P  |9 393020  |a BIBEDU  |b BIBEDU  |c BIBEDU_PB  |d 2019-11-22  |i 425130K  |o 372.7 SEG 2005  |p 425130K  |r 2019-11-22  |w 2019-11-22  |y BK  |k EBA 
952 |0 0  |1 0  |4 0  |6 372_700000000000000_SEG_2005  |7 0  |8 P  |9 393021  |a BIBEDU  |b BIBEDU  |c BIBEDU_PB  |d 2019-11-22  |i 4463609  |o 372.7 SEG 2005  |p 4463609  |r 2024-01-25  |w 2019-11-22  |y BK  |k EDU 
952 |0 0  |1 0  |4 0  |6 372_700000000000000_SEG_2005  |7 0  |8 P  |9 393022  |a BIBEDU  |b BIBEDU  |d 2019-11-22  |i 4463617  |o 372.7 SEG 2005  |p 4463617  |r 2019-11-22  |w 2019-11-22  |y BK  |k EDU 
952 |0 0  |1 0  |4 0  |6 372_700000000000000_SEG_2005  |7 0  |8 P  |9 393023  |a BIBEDU  |b BIBEDU  |d 2019-11-22  |i 4463625  |o 372.7 SEG 2005  |p 4463625  |r 2019-11-22  |w 2019-11-22  |y BK  |k EDU